Mila, Piolín y el Burro / (Registro nro. 11047)
[ vista simple ]
| 000 -LIDER | |
|---|---|
| fixed length control field | 00681nam a2200253 a 4500 |
| 001 - NÚMERO DE CONTROL | |
| Identificador de número de control | 0000578 |
| 003 - IDENTIFICACDOR DE NÚMERO DE CONTROL | |
| control field | DO-SdBNP |
| 005 - DATE AND TIME OF LATEST TRANSACTION | |
| control field | 20180131132802.0 |
| 007 - CAMPOS FIJOS DE DESCRIPCIÓN FÍSICA | |
| fixed length control field | 0000578 |
| 008 - ELEMENTOS DE LONGITUD FIJA | |
| fixed length control field | 140711s 1955 sp a 000 0 spa d |
| 040 ## - FUENTE DE CATALOGACIÓN | |
| Agencia que crea de manera original el registro | BPMSU |
| Idioma de catalogación | spa |
| Agencia que realiza la transcripción | BPMSU |
| 100 1# - ASIENTO PRINCIPAL -- NOMBRE PERSONAL | |
| Nombre personal | Fortun, Elena |
| 245 10 - MENCIÓN DE TITULO | |
| Título | Mila, Piolín y el Burro / |
| Mención de responsabilidad | Elena Fortun |
| 250 ## - MENCIÓN DE EDICION | |
| Mención de edición | 2a. ed. |
| 260 ## - PUBLICACIÓN, DISTRIBUCIÓN, ETC. (PIE DE IMPRENTA) | |
| Lugar de publicación, distribución, etc | Madrid : |
| Nombre del editor, distribuidor, etc. | Aguilar, |
| Fecha de publicación, distribución, etc | 1955. |
| 300 ## - DESCRIPCIÓN FÍSICA | |
| Extensión | 171 p. ; |
| Otros detalles físicos | il. |
| Dimensiones | 18 cm. |
| 490 1# - MENCIÓN DE SERIES | |
| Mención de serie | Lecturas juveniles |
| 650 #4 - ENCABEZAMIENTO DE MATERIA--TEMÁTICO | |
| Término temático o nombre geográfico como elemento de entrada | POESÍA ÉPICA GRIEGA |
| 650 #4 - ENCABEZAMIENTO DE MATERIA--TEMÁTICO | |
| Término temático o nombre geográfico como elemento de entrada | LITERATURA GRIEGA |
| 830 #0 - ASIENTO SECUNDARIO DE SERIE--TÍTULO UNIFORME | |
| Título uniforme | Lecturas juveniles |
| 942 ## - ADDED ENTRY ELEMENTS (KOHA) | |
| Source of classification or shelving scheme | Dewey Decimal Classification |
| Koha item type | Libros |
| 945 ## - INFORMACIÓN DE PROCESAMIENTO LOCAL | |
| Información de procesamiento local | Inventariado extranjero / 2018 VM |
| 956 ## - LOCAL ELECTRONIC LOCATION AND ACCESS (OCLC) | |
| Nombre de host | YLOCKWARD |
| Número de acceso | 10 |
| Inicio de sesión | BND01 |
| Procesador de solicitud | 1027 |
| Withdrawn status | Lost status | Source of classification or shelving scheme | Damaged status | Not for loan | Collection code | Home library | Current library | Date acquired | Source of acquisition | Total Checkouts | Barcode | Date last seen | Price effective from | Koha item type |
|---|---|---|---|---|---|---|---|---|---|---|---|---|---|---|
| Dewey Decimal Classification | Colección Juvenil General | Biblioteca Pública Metropolitana Salomé Ureña | Biblioteca Pública Metropolitana Salomé Ureña | 07/27/2016 | BPMSU16070675 | 07/27/2016 | 07/27/2016 | Libros |